Catálogo público

Sistemas de información geográfica (Record no. 13676)

MARC details
000 -CABECERA
campo de control de longitud fija 01549nam a22003977a 4500
003 - IDENTIFICADOR DEL NÚMERO DE CONTROL
campo de control CHAP
005 - FECHA Y HORA DE LA ÚLTIMA TRANSACCIÓN
campo de control 20220817041417.0
008 - DATOS DE LONGITUD FIJA--INFORMACIÓN GENERAL
campo de control de longitud fija 971013s1996 r 00010 d
010 ## - NÚMERO DE CONTROL DE LA BIBLIOTECA DEL CONGRESO
Número de control de LC 13676
011 ## - ENLACE DEL NUMERO DE CONTROL DE LA BIBLIOTECA DEL CONGRESO [OBSOLETO]
Número de control de LC 14648
035 ## - NÚMERO DE CONTROL DEL SISTEMA
Número de control de sistema 18722
040 ## - FUENTE DE LA CATALOGACIÓN
Centro/agencia transcriptor CHAP
082 ## - NÚMERO DE LA CLASIFICACIÓN DECIMAL DEWEY
Número de clasificación 910.021
Número de documento/Ítem S8Y
100 00 - ENTRADA PRINCIPAL--NOMBRE DE PERSONA
Nombre de persona Star, Jeffrey.
9 (RLIN) 109480
245 ## - MENCIÓN DE TÍTULO
Título Sistemas de información geográfica
Resto del título : una introducción
260 ## - PUBLICACIÓN, DISTRIBUCIÓN, ETC.
Lugar de publicación, distribución, etc. Chapingo, Méx. :
Nombre del editor, distribuidor, etc. UACH. División de Ciencias Forestales,
Fecha de publicación, distribución, etc. 1996
300 ## - DESCRIPCIÓN FÍSICA
Extensión 238 p.
490 ## - MENCIÓN DE SERIE
Mención de serie Serie de Apoyo Académico
Designación de volumen o secuencia ; 50
590 ## - NOTA LOCAL (RLIN)
Nota local BATCH-UPD
Procedencia (VM) [OBSOLETO] 10
Condición del los carretes individuales (VM) [OBSOLETO] 20130110
-- UCH01
-- 1446
590 ## - NOTA LOCAL (RLIN)
Nota local BATCH-UPD
Procedencia (VM) [OBSOLETO] 10
Condición del los carretes individuales (VM) [OBSOLETO] 20130410
-- UCH01
-- 0915
590 ## - NOTA LOCAL (RLIN)
Nota local BATCH-UPD
Procedencia (VM) [OBSOLETO] 10
Condición del los carretes individuales (VM) [OBSOLETO] 20130914
-- UCH01
-- 0853
590 ## - NOTA LOCAL (RLIN)
Nota local CONVERSION
Procedencia (VM) [OBSOLETO] 10
Condición del los carretes individuales (VM) [OBSOLETO] 20130109
-- UCH01
-- 1309
650 14 - PUNTO DE ACCESO ADICIONAL DE MATERIA--TÉRMINO DE MATERIA
Término de materia o nombre geográfico como elemento de entrada Cartografía.
9 (RLIN) 19644
650 14 - PUNTO DE ACCESO ADICIONAL DE MATERIA--TÉRMINO DE MATERIA
Término de materia o nombre geográfico como elemento de entrada Procesamiento automático de datos en geografía.
9 (RLIN) 91783
650 14 - PUNTO DE ACCESO ADICIONAL DE MATERIA--TÉRMINO DE MATERIA
Término de materia o nombre geográfico como elemento de entrada Sistemas de Información Geográfica.
700 0# - PUNTO DE ACCESO ADICIONAL--NOMBRE DE PERSONA
Nombre de persona Estes, John.
9 (RLIN) 38299
830 0# - PUNTO DE ACCESO ADICIONAL DE SERIE-TÍTULO UNIFORME
Título uniforme Serie de apoyo académico
Designación de volumen o secuencia ; 50
901 ## - ELEMENTOS DE DATOS A LOCAL LDA (RLIN)
a BK
942 ## - ELEMENTOS DE PUNTO DE ACCESO ADICIONAL (KOHA)
Tipo de ítem Koha Libro
949 ## - PROCESAMIENTO DE INFORMACIÓN LOCAL (OCLC)
a 910.021 S8Y
b BC
c LIBRO
d 33724000594032
e LIBRO
f c.5
h 92591
i 18722
k DonaciØn
s i
949 ## - PROCESAMIENTO DE INFORMACIÓN LOCAL (OCLC)
a 910.021 S8Y
b BC
c LIBRO
d 33724000687604
e LIBRO
f c.6
h 92881
i 18722
k DonaciØn
s i
949 ## - PROCESAMIENTO DE INFORMACIÓN LOCAL (OCLC)
a 910.021 S8Y
b BC
c LIBRO
d 33724000688032
e LIBRO
f c.3
h 92340
i 18722
s i
949 ## - PROCESAMIENTO DE INFORMACIÓN LOCAL (OCLC)
a 910.021 S8Y
b BC
c LIBRO
d 33724000688040
e LIBRO
f c.2
h 92339
i 18722
s i
949 ## - PROCESAMIENTO DE INFORMACIÓN LOCAL (OCLC)
a 910.021 S8Y
b BC
c LIBRO
d 33724000822029
e LIBRO
h 92338
i 18722
s i
949 ## - PROCESAMIENTO DE INFORMACIÓN LOCAL (OCLC)
a 910.021 S8Y
b BC
c UACH
d -153494
e UACH
f c.4
h 92341
i 18722
s b
Holdings
Estado de retiro Estado de pérdida Fuente del sistema de clasificación o colocación Estado dañado Restricciones de uso No para préstamo Código de colección Localización permanente Ubicación/localización actual Ubicación en estantería Fecha de adquisición Información codificada de la localización en otra ubicación Total de préstamos Signatura topográfica completa Código de barras Fecha visto por última vez Número de copia Precio válido a partir de Tipo de ítem Koha En préstamo Fecha del último préstamo
    Dewey Decimal Classification   Préstamo 15 días   General Biblioteca Central Biblioteca Central Planta principal - Colección General 31/12/2019 LIBRO   910.021 S8Y 33724000594032 31/12/2019 c.5 31/12/2019 Libro    
    Dewey Decimal Classification   Préstamo 15 días   General Biblioteca Central Biblioteca Central Planta principal - Colección General 31/12/2019 LIBRO 1 910.021 S8Y 33724000688032 15/03/2022 c.3 31/12/2019 Libro 30/03/2022 15/03/2022
    Dewey Decimal Classification   Préstamo 15 días   General Biblioteca Central Biblioteca Central Planta principal - Colección General 31/12/2019 LIBRO   910.021 S8Y 33724000688040 31/12/2019 c.2 31/12/2019 Libro    
    Dewey Decimal Classification   Préstamo 15 días   General Biblioteca Central Biblioteca Central Planta principal - Colección General 31/12/2019 LIBRO   910.021 S8Y 33724000822029 31/12/2019   31/12/2019 Libro    
    Dewey Decimal Classification   Préstamo 15 días   General Biblioteca Central Biblioteca Central Planta principal - Colección General 31/12/2019 LIBRO   910.021 S8Y 33724002554835 31/12/2019 c.6 31/12/2019 Libro    
        Préstamo interno   Publicaciones UACh Biblioteca Central Biblioteca Central Planta alta - Área de Tesis - UACh 31/12/2019 LIBRO   910.021 S8Y 33724002476363 31/12/2019 c.4 31/12/2019 Libro